The practice of english language teaching

Uloženo v:
Podrobná bibliografie
Hlavní autor: Harmer, Jeremy (autor)
Médium: Video
Jazyk:angličtina
Vydáno: Sussex Pearson 2007
Vydání:Cuarta Edición
Témata:
Tagy: Přidat tag
Žádné tagy, Buďte první, kdo vytvoří štítek k tomuto záznamu!

MARC

LEADER 00000nam a22000007a 4500
003 CL-ChUAC
005 20200128102641.0
006 g
007 v
008 200128s2007 xxk||||| |||| 000 ||eng
020 |a 978-1-4058-5305-7 
040 |a CL-ChUAC  |c CL-ChUAC 
082 0 0 |a 428.007 
100 1 |a Harmer, Jeremy  |e autor 
245 1 0 |a The practice of english language teaching  |c Jeremy Harmer 
250 |a Cuarta Edición  
260 |a Sussex  |b Pearson   |c 2007 
300 |a 1 DVD   |b audio, color 
336 |a imagen en movimiento bidimensional  |b tdi 
337 |a proyectado   |b g 
338 |a videodisco   |b vd 
650 4 |a INGLES  |x ENSEÑANZA  |x HABLANTES EXTRANJEROS 
942 |2 ddc  |c MDVD 
945 |0 lss 
999 |c 2283997  |d 2283997